[Event "HUN-chT2 Barcza 1516"]
[Site "Hungary"]
[Date "2015.11.08"]
[Round "4.9"]
[White "Zelena, Tamas"]
[Black "Pap, Kristof"]
[Result "1-0"]
[WhiteElo "1916"]
[BlackElo "1772"]
[PlyCount "57"]
[EventDate "2015.09.13"]
[EventType "team-tourn"]
[EventRounds "11"]
[EventCountry "HUN"]
[SourceTitle "CBM 170 Extra"]
[Source "ChessBase"]
[SourceDate "2016.02.25"]
[SourceVersion "1"]
[SourceVersionDate "2016.02.25"]
[SourceQuality "1"]
[WhiteTeam "Miskolc KisBocsok"]
[BlackTeam "Mezokovesd"]
[WhiteTeamCountry "HUN"]
[BlackTeamCountry "HUN"]

1. e4 e6 2. d4 d5 3. Nc3 dxe4 4. Nxe4 Bd7 5. Nf3 Bc6 6. Bd3 Nf6 7. Nxf6+ Qxf6 8. Bg5 Bxf3 9. Qd2 Bxg2 10. Bxf6 Bxh1 11. Bg5 Nc6 12. 0-0-0 Bf3 13. Be2 Bxe2 14. Qxe2 Be7 15. Qg4 h5 16. Qg3 Bxg5+ 17. Qxg5 g6 18. d5 exd5 19. Re1+ Kf8 20. b4 Re8 21. Rxe8+ Kxe8 22. b5 Ne7 23. Qe5 Rh6 24. Qxc7 f5 25. Qxb7 g5 26. Qxa7 f4 27. b6 Nc6 28. b7 Nxa7 29. b8Q+ 1-0

[Event "HUN-chT2 Barcza 1314"]
[Site "Hungary"]
[Date "2014.04.27"]
[Round "11"]
[White "Zelena, Tamas"]
[Black "Galko, Tibor"]
[Result "1-0"]
[WhiteElo "1870"]
[BlackElo "1868"]
[PlyCount "99"]
[EventDate "2013.09.08"]
[EventType "team-tourn"]
[EventRounds "11"]
[EventCountry "HUN"]
[SourceTitle "EXT 2016"]
[Source "ChessBase"]
[SourceDate "2015.10.08"]
[SourceVersion "1"]
[SourceVersionDate "2015.10.08"]
[SourceQuality "1"]
[WhiteTeam "Miskolc KisBocsok"]
[BlackTeam "Edeleny"]
[WhiteTeamCountry "HUN"]
[BlackTeamCountry "HUN"]

1. e4 d5 2. exd5 Qxd5 3. Nc3 Qa5 4. d4 c6 5. Bd2 Bf5 6. Bc4 e6 7. Nf3 Nf6 8. Qe2 Be7 9. 0-0-0 Qb6 10. Rhe1 0-0 11. Nh4 Bg6 12. Nxg6 hxg6 13. Be3 Nd5 14. Nxd5 cxd5 15. Bd3 Nc6 16. c3 Rac8 17. Kb1 Na5 18. Ka1 Nc4 19. Bc1 Qa5 20. Bxg6 Rc6 21. Bb1 Ra6 22. Qh5 g6 23. Qh6 Bf6 24. Rd3 Bg7 25. Qh4 Qd8 26. Bg5 f6 27. Bh6 f5 28. Qh3 Kf7 29. Bxg7 Kxg7 30. g4 Rh8 31. Qg3 Qd6 32. f4 Kf7 33. gxf5 exf5 34. Rdd1 Qf6 35. Re2 Nd6 36. Re5 Ne4 37. Bxe4 dxe4 38. c4 Rd6 39. c5 Rd7 40. Qb3+ Kg7 41. Re6 Qf7 42. Rg1 Rh6 43. d5 Re7 44. Qc3+ Kh7 45. Qe5 Rxe6 46. dxe6 Qe8 47. Rd1 Rxh2 48. a3 Kg8 49. Qf6 Kh7 50. Rd7+ 1-0

[Event "HUN-chT2 Barcza 1314"]
[Site "Hungary"]
[Date "2013.11.17"]
[Round "5"]
[White "Zelena, Tamas"]
[Black "Molnar, Milan"]
[Result "0-1"]
[WhiteElo "1870"]
[BlackElo "1845"]
[PlyCount "54"]
[EventDate "2013.09.08"]
[EventType "team-tourn"]
[EventRounds "11"]
[EventCountry "HUN"]
[SourceTitle "EXT 2016"]
[Source "ChessBase"]
[SourceDate "2015.10.08"]
[SourceVersion "1"]
[SourceVersionDate "2015.10.08"]
[SourceQuality "1"]
[WhiteTeam "Miskolc KisBocsok"]
[BlackTeam "Miskolc EMSE"]
[WhiteTeamCountry "HUN"]
[BlackTeamCountry "HUN"]

1. e4 e5 2. Nc3 Nf6 3. f4 d5 4. fxe5 Nxe4 5. Nf3 Bg4 6. d3 Nc5 7. Be2 Nc6 8. Bf4 Ne6 9. Bg3 Bc5 10. Qd2 Ne7 11. Ng5 Bxe2 12. Nxe6 fxe6 13. Nxe2 Nf5 14. d4 Be7 15. 0-0 0-0 16. Rf3 c5 17. c3 cxd4 18. cxd4 Rc8 19. Raf1 Qb6 20. Bf2 Qb4 21. Rc3 Rxc3 22. bxc3 Qb6 23. c4 dxc4 24. d5 Bc5 25. d6 Bxf2+ 26. Rxf2 Qb1+ 27. Rf1 Qxf1+ 0-1

[Event "HUN-chT2 Barcza 1314"]
[Site "Hungary"]
[Date "2013.10.20"]
[Round "3"]
[White "Petro, Janos"]
[Black "Zelena, Tamas"]
[Result "1/2-1/2"]
[WhiteElo "2079"]
[BlackElo "1870"]
[PlyCount "101"]
[EventDate "2013.09.08"]
[EventType "team-tourn"]
[EventRounds "11"]
[EventCountry "HUN"]
[SourceTitle "EXT 2016"]
[Source "ChessBase"]
[SourceDate "2015.10.08"]
[SourceVersion "1"]
[SourceVersionDate "2015.10.08"]
[SourceQuality "1"]
[WhiteTeam "Sajobabony"]
[BlackTeam "Miskolc KisBocsok"]
[WhiteTeamCountry "HUN"]
[BlackTeamCountry "HUN"]

1. Nf3 Nf6 2. g3 b6 3. Bg2 Bb7 4. 0-0 c5 5. d3 e6 6. e4 d6 7. c3 Nbd7 8. Nh4 Qc7 9. Na3 a6 10. f4 b5 11. f5 Be7 12. fxe6 fxe6 13. Bh3 c4 14. Bxe6 cxd3 15. Nf5 Bxe4 16. Nd4 Nc5 17. Qe1 Bd8 18. Bg5 Nxe6 19. Bxf6 d5 20. Bxd8 Nxd8 21. Rf4 Rc8 22. Rxe4+ dxe4 23. Qxe4+ Qe7 24. Qf3 Nf7 25. Qxd3 0-0 26. Nac2 Ne5 27. Qd2 Rcd8 28. Qe1 Qf6 29. a4 Nf3+ 30. Nxf3 Qxf3 31. Nd4 Qd5 32. Qe6+ Kh8 33. Qxa6 bxa4 34. Qxa4 Rd6 35. Qb5 Qe4 36. Rf1 Rxf1+ 37. Qxf1 Rf6 38. Qe2 Qg6 39. Kg2 h5 40. b4 h4 41. b5 Qh6 42. Qe8+ Kh7 43. Qe4+ Kg8 44. Qe8+ Kh7 45. Qe4+ Kg8 46. Qd5+ Kh8 47. Nf3 h3+ 48. Kf2 Qc1 49. Qh5+ Kg8 50. Qe8+ Kh7 51. Qh5+ 1/2-1/2

[Event "HUN-chT U18"]
[Site "Miskolc"]
[Date "2010.11.06"]
[Round "8.6"]
[White "Zelena, Tamas"]
[Black "Tesik, Csaba"]
[Result "0-1"]
[WhiteElo "1772"]
[BlackElo "2259"]
[PlyCount "88"]
[EventDate "2010.11.02"]
[EventType "team-swiss"]
[EventRounds "8"]
[EventCountry "HUN"]
[SourceTitle "EXT 2016"]
[Source "ChessBase"]
[SourceDate "2015.10.08"]
[SourceVersion "1"]
[SourceVersionDate "2015.10.08"]
[SourceQuality "1"]

1. e4 c5 2. Nf3 e6 3. d4 cxd4 4. Nxd4 a6 5. Nc3 Qc7 6. a3 Nf6 7. Be3 b5 8. Bd3 Bb7 9. f3 Bc5 10. Bxb5 Bxd4 11. Qxd4 axb5 12. Nxb5 Qa5+ 13. Nc3 0-0 14. 0-0 d5 15. exd5 Nxd5 16. Nxd5 Qxd5 17. Qg4 Nc6 18. Rfd1 Qe5 19. Bd4 Nxd4 20. Qxd4 Qg5 21. Kf2 h6 22. Qe3 Qf5 23. Rd2 Rac8 24. c3 e5 25. Kg1 Rfe8 26. a4 e4 27. fxe4 Bxe4 28. Qf2 Qg5 29. Rad1 Rc6 30. Qg3 Qa5 31. Re1 Qxa4 32. Rde2 Rg6 33. Qf2 Qc6 34. g3 Rge6 35. Re3 Bg6 36. b4 Qd5 37. Rxe6 Rxe6 38. Rxe6 fxe6 39. Qe3 Bd3 40. Qf4 e5 41. Qf2 e4 42. Qb6 Qb3 43. Qb8+ Kh7 44. Qe5 Qd1+ 0-1

[Event "HUN-chT U18"]
[Site "Miskolc"]
[Date "2010.11.04"]
[Round "5.11"]
[White "Zelena, Tamas"]
[Black "Lovas, Peter"]
[Result "0-1"]
[WhiteElo "1772"]
[BlackElo "1792"]
[PlyCount "82"]
[EventDate "2010.11.02"]
[EventType "team-swiss"]
[EventRounds "8"]
[EventCountry "HUN"]
[SourceTitle "EXT 2016"]
[Source "ChessBase"]
[SourceDate "2015.10.08"]
[SourceVersion "1"]
[SourceVersionDate "2015.10.08"]
[SourceQuality "1"]

1. e4 e6 2. d4 d5 3. Nc3 Bb4 4. e5 c5 5. Nf3 Nc6 6. Be3 Nge7 7. a3 Ba5 8. dxc5 Bxc3+ 9. bxc3 Qa5 10. Bd4 Nxd4 11. Qxd4 Nf5 12. Qb4 Qc7 13. Bd3 a5 14. Qb6 Qxb6 15. cxb6 Bd7 16. Bxf5 exf5 17. Nd4 Ke7 18. Kd2 Rhc8 19. Rab1 Rc4 20. Nb5 Bxb5 21. Rxb5 Ke6 22. Rd1 a4 23. Rb4 Rxb4 24. cxb4 Kxe5 25. Re1+ Kd6 26. Kd3 f6 27. Kd4 Rc8 28. c3 Rc4+ 29. Kd3 Re4 30. Rc1 Kc6 31. c4 dxc4+ 32. Rxc4+ Rxc4 33. Kxc4 f4 34. b5+ Kxb6 35. Kb4 g5 36. f3 h5 37. h3 f5 38. Kxa4 Kc5 39. Ka5 h4 40. a4 g4 41. b6 Kc4 0-1

[Event "HUN-chT U18"]
[Site "Miskolc"]
[Date "2010.11.03"]
[Round "2.12"]
[White "Kovacs, Klara"]
[Black "Zelena, Tamas"]
[Result "1-0"]
[WhiteElo "2151"]
[BlackElo "1772"]
[PlyCount "55"]
[EventDate "2010.11.02"]
[EventType "team-swiss"]
[EventRounds "8"]
[EventCountry "HUN"]
[SourceTitle "EXT 2016"]
[Source "ChessBase"]
[SourceDate "2015.10.08"]
[SourceVersion "1"]
[SourceVersionDate "2015.10.08"]
[SourceQuality "1"]

1. e4 e5 2. Nc3 Nc6 3. Bc4 d6 4. f4 exf4 5. Nf3 Ne5 6. Nxe5 dxe5 7. Qh5 Qd7 8. Qxe5+ Ne7 9. Nd5 f6 10. Nxc7+ Kd8 11. Ne6+ Qxe6 12. Qxe6 Bxe6 13. Bxe6 Nc6 14. c3 Bd6 15. d4 Ke7 16. Bd5 g5 17. 0-0 h5 18. h4 Raf8 19. hxg5 fxg5 20. e5 Bc7 21. g3 h4 22. gxf4 h3 23. f5 g4 24. Bg5+ Ke8 25. f6 g3 26. f7+ Kd7 27. e6+ Kd6 28. Bxc6 1-0

[Event "HUN-chT U18"]
[Site "Miskolc"]
[Date "2008.10.27"]
[Round "1.10"]
[White "Zelena, Tamas"]
[Black "Tesik, Csaba"]
[Result "0-1"]
[WhiteElo "1475"]
[BlackElo "2093"]
[PlyCount "106"]
[EventDate "2008.10.27"]
[EventType "team-swiss"]
[EventRounds "8"]
[EventCountry "HUN"]
[SourceTitle "EXT 2016"]
[Source "ChessBase"]
[SourceDate "2015.10.08"]
[SourceVersion "1"]
[SourceVersionDate "2015.10.08"]
[SourceQuality "1"]

1. e4 e5 2. Nc3 Nf6 3. f4 d5 4. fxe5 Nxe4 5. Nf3 Bc5 6. d4 Bb4 7. Bd2 c5 8. Nxe4 dxe4 9. Bxb4 cxb4 10. Bb5+ Bd7 11. Bxd7+ Qxd7 12. Ng5 Nc6 13. 0-0 0-0 14. c3 Qd5 15. Qg4 e3 16. Rf6 g6 17. Qh4 h5 18. g4 Nxd4 19. cxd4 Qxd4 20. Nf3 Qxg4+ 21. Qxg4 hxg4 22. Nd4 Rad8 23. Rf4 Rfe8 24. e6 f5 25. Re1 g5 26. Rxf5 Rxd4 27. Rxe3 Kg7 28. Rxg5+ Kf6 29. Rh5 Rd2 30. Rh6+ Kg7 31. Rh5 Rxb2 32. Rg5+ Kf6 33. Rxg4 Rxe6 34. Rxe6+ Kxe6 35. h4 Kf5 36. Rg7 Rxa2 37. Rxb7 a5 38. Rb5+ Kg6 39. Kf1 Ra3 40. Ke2 b3 41. Kd2 Ra2+ 42. Kc1 a4 43. Kb1 Kh6 44. Kc1 Rc2+ 45. Kb1 Rc4 46. Kb2 Rxh4 47. Ka3 Kg6 48. Rd5 Kf6 49. Rd1 Ke5 50. Kb2 Rd4 51. Ra1 Kd5 52. Kc3 Kc5 53. Kb2 Kb4 0-1